| 000 | 01270nam a22004097a 4500 | ||
|---|---|---|---|
| 001 | 0006559 | ||
| 003 | KOHA_MİRAKIL | ||
| 005 | 20260207001526.0 | ||
| 007 | ta | ||
| 008 | 100209b1998 tu |||gr||||#||||0|tur | | ||
| 020 |
_a9754925720 _c0,01 |
||
| 040 |
_aTR-BiSEU _btur _cTR-BiSEU _erda |
||
| 041 | 0 | _atur | |
| 044 | _ctu | ||
| 050 |
_aTX911.3 _b.K69 1998 |
||
| 100 | 1 | _aKozak, Sabah. | |
| 245 | 1 |
_aOtel işletmelerinde önbüro yönetimi/ _cSabah Kozak ; Sabah Kozak. |
|
| 264 | 1 |
_aEskişehir : _bAnadolu Üniversitesi _c1998 |
|
| 300 | _aXXI, 232 sayfa; 24 cm. | ||
| 336 |
_ametin _btxt _2rdacontent |
||
| 337 |
_aaracısız _bn _2rdamedia |
||
| 338 |
_acilt _bnc _2rdacarrier |
||
| 490 | 1 |
_aAnadolu Üniversitesi yayınları ; _vno. |
|
| 490 | 1 | _a868. | |
| 490 | 1 |
_aEskişehir Meslek Yüksekokulu yayınları ; _vno. |
|
| 490 | 1 | _a2. | |
| 500 | _aKaynakça var. | ||
| 650 | 0 |
_aHotel front dest personnel. _916203 |
|
| 650 | 0 |
_aHotel management. _91948 |
|
| 650 | 0 |
_aOtel ön büro personeli. _916204 |
|
| 650 | 0 |
_aOtel yönetimi. _916205 |
|
| 830 | 1 |
_aAnadolu Üniversitesi yayınları ; _vno. _97107 |
|
| 830 | 1 |
_a868. _916206 |
|
| 830 | 1 |
_aEskişehir Meslek Yüksekokulu yayınları ; _vno. _916207 |
|
| 830 | 1 |
_a2. _95554 |
|
| 942 |
_2lcc _cBK |
||
| 999 |
_c6540 _d6540 |
||